| 000 | 00796nam a2200193 4500 | ||
|---|---|---|---|
| 001 | 1146 | ||
| 005 | 20181127162755.0 | ||
| 020 | 0 | 0 | _a |
| 090 | 0 | 0 | _a339.47 B5759n 2007 |
| 110 |
_aNational Statistics Bureau, Royal Government of Bhutan. _b _c _d _e _n _p |
||
| 245 | 0 | 0 |
_aBhutan living standard survey 2007 / _b _cNational Statistics Bureau. _h |
| 260 | 0 | 0 |
_aThimphu : _bNational Statistics Bureau, _c2007. |
| 300 | 0 | 0 | _a127 p. ; 29 cm. |
| 500 | _aElectronic copy available on RTC Cloud in the "Library" folder | ||
| 500 | 0 | 0 | _aIncludes statistical tables. |
| 650 | 0 | 0 |
_aCost and standard of living --Bhutan --Statistics. _x |
| 650 | 0 | 0 |
_aCost and standard of living --Bhutan. _x |
| 856 |
_a _uhttp://www2.undp.org.bt/assets/files/publication/BLSS%202007%20REPORT.pdf _yBhutan living standard survey 2007 _z _3 |
||
| 999 |
_c803 _d803 |
||